000 01486cam a2200289 a 4500
003 EG-GiCUC
005 20250223032133.0
008 181215s2018 ua f m 000 0 ara d
040 _aEG-GiCUC
_bara
_cEG-GiCUC
041 0 _aara
049 _aاهداء
097 _aدكتوراه
099 _aCai01.34.Ph.D.2018.فر.ت
100 0 _aفراس جاسم موسى
245 1 0 _aتطوير منهج اللغة العربية فى ضوء ما وراء المعرفة لتنمية مهارات الفهم القرائى و القيم الوطنية لدى تلاميذ المرحلة الابتدائية فى العراق /
_cفراس جاسم موسى ؛ إشراف حسن سيد شحاتة : سعد على زاير : أسماء إبراهيم شريف
246 1 5 _aDeveloping Arabic language curriculum in the light of metacognition to develop reading comprehension skills and national values for primary stage pupils in Iraq
260 _aالقاهرة :
_bفراس جاسم موسى :
_c2018
300 _a409 ص ؛
_c25سم
502 _aاطروحة (دكتوراه) - جامعة عين شمس - كلية التربية - قسم المناهج و طرق التدريس
700 0 _aأسماء إبراهيم شريف :
_eمشرف
700 0 _aحسن سيد شحاتة :
_eمشرف
700 0 _aسعد على زاير :
_eمشرف
856 _uhttp://172.23.153.220/th.pdf
905 _aNazla
_eRevisor
905 _aSamia
_eCataloger
942 _2ddc
_cTH
999 _c69085
_d69085